Anglo-American cataloguing rules (Record no. 702000)

MARC details
000 -LEADER
fixed length control field 01191nam a2200337 a 4500
001 - CONTROL NUMBER
control field vtls000857683
003 - CONTROL NUMBER IDENTIFIER
control field NLI
005 - DATE AND TIME OF LATEST TRANSACTION
control field 20210627070308.0
008 - FIXED-LENGTH DATA ELEMENTS--GENERAL INFORMATION
fixed length control field 110428s2005 ilu 001 0 eng d
020 ## - INTERNATIONAL STANDARD BOOK NUMBER
International Standard Book Number 083893529X(looseleaf with binder)
Terms of availability £54.95
039 #9 - LEVEL OF BIBLIOGRAPHIC CONTROL AND CODING DETAIL [OBSOLETE]
-- 201104282116
-- VLOAD
040 ## - CATALOGING SOURCE
Original cataloging agency NLI
Transcribing agency NLMARC21
041 0# - LANGUAGE CODE
Language code of text/sound track or separate title eng
044 ## - COUNTRY OF PUBLISHING/PRODUCING ENTITY CODE
MARC country code ilu
082 04 - DEWEY DECIMAL CLASSIFICATION NUMBER
Classification number 025.32
Edition number 22
245 00 - TITLE STATEMENT
Title Anglo-American cataloguing rules
Statement of responsibility, etc. prepared under the direction of the Joint Steering Committee for revision of AACR, a committee of the American Library Association ... [et al.]
250 ## - EDITION STATEMENT
Edition statement 2nd ed., 2002 revision, 2005 update
260 ## - PUBLICATION, DISTRIBUTION, ETC.
Place of publication, distribution, etc. Chicago, Ill.
Name of publisher, distributor, etc. American Library Association
Date of publication, distribution, etc. 2005
300 ## - PHYSICAL DESCRIPTION
Extent 1v.(various pagings)
Dimensions 29 cm.
500 ## - GENERAL NOTE
General note Includes index
650 #0 - SUBJECT ADDED ENTRY--TOPICAL TERM
Topical term or geographic name entry element Descriptive cataloging
General subdivision Rules
9 (RLIN) 701643
710 2# - ADDED ENTRY--CORPORATE NAME
Corporate name or jurisdiction name as entry element Joint Steering Committee for Revision of AACR
9 (RLIN) 701644
710 2# - ADDED ENTRY--CORPORATE NAME
Corporate name or jurisdiction name as entry element American Library Association
9 (RLIN) 701645
887 ## - NON-MARC INFORMATION FIELD
Content of non-MARC field Santanu Chanda
901 ## - LOCAL DATA ELEMENT A, LDA (RLIN)
a 563574
b 31.5.10
902 ## - LOCAL DATA ELEMENT B, LDB (RLIN)
a Oriya Div. 025.32 An 46 (2005)
904 ## - LOCAL DATA ELEMENT D, LDD (RLIN)
a Santanu Chanda
949 ## - LOCAL PROCESSING INFORMATION (OCLC)
-- VIRTUAITEM
-- 10000
-- 100
6 PUR000563574ENG
942 ## - ADDED ENTRY ELEMENTS (KOHA)
Source of classification or shelving scheme Dewey Decimal Classification
Koha item type Books
Holdings
Withdrawn status Lost status Damaged status Not for loan Collection code Home library Current library Shelving location Date acquired Total Checkouts Full call number Barcode Date last seen Price effective from Koha item type
          National Library of India National Library of India       Oriya Div. 025.32 An 46 (2005) PUR000563574ENG 27/06/2021 27/06/2021 Books
                                                                           
web counter

Copyright ©2020 The National Library of India, Govt. of India ↔ Hosted by NVLI, MOC ↔ Technology and Design by National Library of India, Ministry of Culture, Govt. of India